| 000 | 01714nam0a22003611 4500 | ||
|---|---|---|---|
| 001 | rc\754945 | ||
| 005 | 20250622121604.0 | ||
| 035 | _a(NLR Aleph) 006283065 | ||
| 090 |
_a7070147 _c7070147 |
||
| 100 | _a20040301d1985 |||y0rusy50 ca | ||
| 101 | 0 | _arus | |
| 102 | _aRU | ||
| 105 | _aa ||||||||| | ||
| 200 | 1 |
_aПесня Тазасу _eПовесть, рассказы _fС. Капаев _gАвториз пер. с ногайск. Р. Радовской _g[Худож. М. Худатов] |
|
| 210 |
_aМ. _cСов. Россия _d1985 |
||
| 215 |
_a204 с. _cил. _d20 |
||
| 300 | _aВ вып. дан. авт.: Суюн Иман-Алиевич Капаев | ||
| 327 | 1 | _aСодерж.: Песня Тазасу; Предрассветная роса; Юсан; Русский парень; Мундштук; Переправа; Хозяин; Одинокий гусь; Сын мой | |
| 464 | 0 |
_12001#$aПесня Тазасу _tПесня Тазасу |
|
| 464 | 0 |
_12001#$aПредрассветная роса _tПредрассветная роса |
|
| 464 | 0 |
_12001#$aЮсан _tЮсан |
|
| 464 | 0 |
_12001#$aРусский парень _tРусский парень |
|
| 464 | 0 |
_12001#$aМундштук _tМундштук |
|
| 464 | 0 |
_12001#$aПереправа _tПереправа |
|
| 464 | 0 |
_12001#$aХозяин _tХозяин |
|
| 464 | 0 |
_12001#$aОдинокий гусь _tОдинокий гусь |
|
| 464 | 0 |
_12001#$aСын мой _tСын мой |
|
| 700 | 1 |
_7ca _8rus _aКапаев _bС. И. _f1927-2001 _gСуюн Имамалиевич _9256648 _3RU\NLR\AUTH\770256704 |
|
| 801 | 0 |
_aRU _bNLR _gpsbo |
|
| 801 | 1 |
_aRU _bELAR _2rusmarc |
|
| 852 |
_aNLR _j85-3/9434 |
||
| 942 | _cBOOK | ||
| 980 | _aNB | ||